Sql server 7 data warehousing
Saved in:
| Other Authors: | |
|---|---|
| Format: | Book |
| Language: | English |
| Published: |
Berkeley, Calif. :
Osborne/McGraw-Hill,
c1999
|
| Series: | Database professional's library
|
| Subjects: | |
| Tags: |
Add Tag
No Tags, Be the first to tag this record!
|
MARC
| LEADER | 00000nam a2200000 i 4500 | ||
|---|---|---|---|
| 001 | 1/93823 | ||
| 008 | 991206s1999 eng d | ||
| 020 | |a 0072119217 | ||
| 035 | |l 10054555 | ||
| 040 | |a GR-MY-UA |b gre |e aacr | ||
| 041 | 0 | |a eng | |
| 082 | 0 | |a 005.7585 | |
| 245 | 1 | 0 | |a Sql server 7 data warehousing / |c Michael Corey ... [et al.]. |
| 260 | |a Berkeley, Calif. : |b Osborne/McGraw-Hill, |c c1999 | ||
| 300 | |a xxxii, 478 p.; |b ill.; |c 24 cm.+ |e 1 computer laser optical disc (4 3/4 in.) | ||
| 490 | 1 | |a Database professional's library | |
| 504 | |a Includes index | ||
| 630 | 0 | 0 | |a SQL server. |
| 650 | 0 | 0 | |a Data warehousing. |
| 700 | 1 | |a Corey, Michael J. | |
| 830 | 0 | |a Database professional's library | |
| 852 | |a INST |b SAMOS |e 19991206 |h 005.7585 SQL |p 005300016631 |q 005300016631 |t BK |y 0 | ||
| 852 | |a INST |b SAMOS |e 19991206 |h 005.7585 SQL |p 005300016632 |q 005300016632 |t BK |y 0 | ||
| 901 | |a BIBL3-1999-3 | ||
| 909 | |a Σ |b 069725 | ||
| 909 | |a Σ |b 069726 | ||
| 922 | |a 3ΕΛΗ |b 199911 |c ΤΠΕΣ |d ΠΑΠΑΣΩΤΗΡΙΟΥ | ||
| 950 | |a 133-1999-07-20 | ||
| 970 | |a ΠΟΥΡΝΑΡΑΣ |b ΔΗΜΗΤΡΗΣ |z 1999/12/06 | ||